00403 2200181 4500001002100000005001500021035002000036082000800056084001400064100001200078245003000090250000600120260003900126300002100165600001000186856001200196990001300208INLIS00000000000159320250422090150 a0010-0425000009 a813 a813 NUR b0 aNursito1 aBuah Kejujuran /cNursito a1 aJakarta :bGhalia Indonesia,c2001 a130 hlm ;c21 cm 4aFiksi aRak 800 a03.20390